Sofia - Choix Multiples - Statistiques

Statistiques générales
  • Ce quiz a été pris 35 fois
  • Le résultat moyen est 4 sur 10
Statistiques - réponses
Question Réponse % Correct
Quel édifice est à l'origine du nom actuel de la ville de Sofia ? La basilique Sainte-Sophie
74%
Laquelle de ces personnalités a vécu son enfance et son adolescence à Sofia ? Denitsa Ikonomova
71%
Quel massif montagneux surplombe la ville de Sofia ? Le Vitocha
58%
Quel tsar de Russie est mis à l'honneur sur le Monument du tsar libérateur ? Alexandre II
39%
Laquelle de ces propositions n'est pas un ancien nom de la ville de Sofia ? Akmola
35%
De quoi les Ottomans ont-ils fait de Sofia la capitale ? La Roumélie
35%
Quel club de football provenant de Sofia a le plus souvent remporté le championnat de Bulgarie ? Le CSKA Sofia
32%
Que peut-on retrouver sur la place Slaveïkov ? Un marché aux livres
32%
Quel évènement musical a eut lieu à Sofia le 22 juin 2010 lors du Sonisphere Festival ? L'enregistrement du concert du Big Four of Trash
26%
Qu'est ce que le Largo ? Un ensemble architectural de style stalinien
26%
Aucun quiz correspondant
Distribution des résultats
% des personnes avec chaque résultat
Percentile par nombre de réponses
Votre historique - résultats
Vous n’avez pas pris ce quiz